Strieborná kabelka plná aktivít viac ako 1000 samolepiek

Bibliographic Details
Other Authors: Lukáč, Martin, 1971 október 31.- (Translator)
Format: Book
Language:Slovak
PhysicalDescription:40 s., [8] l. samolepiek fareb. ilustr. 28 cm
Published: Bratislava Svojtka & Co. 2013
ISBN:9788081077418 (brož.)
Edition:1. slov. vyd.
Subjects:

MARC

LEADER 00000nam a2200000 a 4500
001 vtls010574148
003 SK-MaSNL
005 20260302020324.0
008 160429s2013 xo a a 000 0 slo
015 |a SNBA2014/03 
020 |a 9788081077418 (brož.) 
040 |a SNK  |b slo  |c SNK  |e AACR2 
041 0 |a slo 
044 |a xo  |c SK 
072 7 |a 0/9-053.2  |x Literatúra pre deti a mládež (náučná)  |2 konspekt 
080 |a (0.053.2)  |2 2001 
080 |a (084.1.029.2)  |2 2001 
080 |a 379.8:793/796  |2 2001 
080 |a 159.955  |2 2001 
130 0 |a My Splendidly Silver Sticker Bag.  |l Slovensky  |9 663140 
245 1 0 |a Strieborná kabelka plná aktivít  |b viac ako 1000 samolepiek  |c [preklad Martin Lukáč] 
250 |a 1. slov. vyd. 
260 |a Bratislava  |b Svojtka & Co.  |c 2013 
300 |a 40 s., [8] l. samolepiek  |b fareb. ilustr.  |c 28 cm 
500 |a Názov z obalu 
500 |a Publikácia v tvare kabelky s výrezom pre uchopenie 
521 1 |a Pre deti od 3 rokov 
650 0 7 |a hry  |2 SNKPH  |9 1856 
650 0 7 |a Games  |2 SNKPHeng  |9 302601 
650 0 7 |a rozvoj myslenia  |2 SNKPH  |9 3967 
650 0 7 |a Development of thought  |2 SNKPHeng  |9 312971 
655 7 |a publikácie pre deti  |2 SNKPH  |9 70148 
655 7 |a samolepky  |2 SNKPH  |9 79151 
655 7 |a Children's literature  |2 SNKPHeng  |9 276039 
655 7 |a Stickers  |2 SNKPHeng  |9 303014 
700 1 |a Lukáč, Martin,  |d 1971 október 31.-  |4 trl  |9 226447 
919 |a 978-80-8107-741-8 
958 |a DB 
958 |a OP 
968 |b ENG 
999 |c 1024665  |d 1026595 
952 |a SNK  |b SNK  |y PREZ  |7 0  |p 17A1104107  |o snkOSB 17434  |i snk2014/3499  |8 0  |0 0  |1 0  |4 0  |d 2014-02-04  |l 0  |r 2026-02-24 13:35:22  |w 2026-02-24 
952 |a SNK  |b SNK  |y PREZ  |7 0  |p 17A1104108  |o snkOSB 17434 D1  |i snk2014/3500  |8 0  |0 0  |1 0  |4 0  |d 2014-02-04  |l 0  |r 2026-02-24 13:35:22  |w 2026-02-24